Highest Electrical Energy per Capita - Africa - Statistics

General Stats
  • This quiz has been taken 26 times
    12 since last reset
  • The average score is 8 of 11
Answer Stats
kWh/person Country % Correct
6. 1,510 Egypt
100%
1. 3,904 South Africa
100%
12. 861 Morocco
91%
5. 1,518 Namibia
91%
9. 1,216 Algeria
82%
4. 1,674 Botswana
73%
7. 1,421 Libya
73%
8. 1,341 Tunisia
73%
3. 1,928 Mauritius
64%
2. 3,219 Seychelles
55%
11. 1,033 Eswatini
45%
No matching quizzes found
Score Distribution
Percent of People with Each Score
Percentile by Number Answered
Your Score History
You have not taken this quiz since the last reset